| 000 | 02491cam a2200289 4500500 | ||
|---|---|---|---|
| 005 | 20260111091156.0 | ||
| 041 | _afre | ||
| 042 | _adc | ||
| 100 | 1 | 0 |
_aAmmar, Wafa _eauthor |
| 245 | 0 | 0 | _aLe prénom : affects, héritages et enjeux psychiques |
| 260 | _c2025. | ||
| 500 | _a79 | ||
| 520 | _aCet article explore le rôle des prénoms en tant qu’objets investis d’affects dans la construction de l’identité individuelle. Engagé dans cet acte de nomination, le porteur est inscrit dans un ancrage qui façonne sa manière d’exister et ses rapports aux autres. La pratique clinique dans un contexte arabo-musulman montre comment les affects négatifs (culpabilité, peur) associés aux prénoms influencent le vécu du sujet, engendrant tensions et conflits identitaires se manifestant parfois par des symptômes (cliniques) tels que l’anxiété. À travers les exemples cliniques, le prénom apparaît comme un vecteur d’histoire psychique transgénérationnelle, dépositaire d’un héritage sacré, social et mémoriel, élément incontournable pour comprendre et accompagner la personne dans son parcours thérapeutique. | ||
| 520 | _aThis article explores the role of first names as objects invested with emotion in the construction of individual identity. Engaged in this act of naming, the bearer is anchored in a foundation that shapes their way of being and their relationships with others. Clinical practice in an Arab-Muslim context shows how negative emotions (including guilt and fear) associated with first names influence the subject’s experience, creating tensions and identity conflicts that sometimes manifest themselves in clinical symptoms such as anxiety. Through clinical examples, the first name appears as a vector of transgenerational psychological history, the repository of a sacred, social and memorial heritage, providing an essential element in understanding and supporting the person in their therapeutic journey. | ||
| 690 | _aaffects | ||
| 690 | _aconflits inconscients | ||
| 690 | _ahéritage transgénérationnel | ||
| 690 | _aPrénom | ||
| 690 | _atransmission psychique | ||
| 690 | _aemotions | ||
| 690 | _aFirst name | ||
| 690 | _apsychological transmission | ||
| 690 | _atransgenerational inheritance | ||
| 690 | _aunconscious conflicts | ||
| 786 | 0 | _nDialogue | 250 | 4 | 2025-12-15 | p. 149-167 | 0242-8962 | |
| 856 | 4 | 1 | _uhttps://shs.cairn.info/revue-dialogue-2025-4-page-149?lang=fr&redirect-ssocas=7080 |
| 999 |
_c1620476 _d1620476 |
||